Countries with Multiple Capital Cities - Statistics

General Stats
  • This quiz has been taken 42 times
  • The average score is 20 of 29
Answer Stats
Country Info City % Correct
Netherlands De jure Amsterdam
97%
South Africa Legislative Cape Town
97%
Sri Lanka Executive and Judicial Colombo
97%
Malaysia De jure Kuala Lumpur
97%
Chile De jure Santiago
97%
Yemen De jure Sana'a
95%
Netherlands Seat of Government The Hague
95%
Bolivia Administrative La Paz
92%
South Africa Executive Pretoria
92%
Bolivia De jure Sucre
92%
Dominican Republic De jure Santo Domingo
87%
South Africa Judicial Bloemfontein
85%
Tanzania De jure Dodoma
85%
Tanzania De facto Dar es Salaam
82%
Ivory Coast De facto Abidjan
77%
Montenegro De jure Podgorica
74%
Benin De jure Porto-Novo
64%
Sri Lanka Legislative Sri Jayawardenepura Kotte
62%
Chile Administrative Valparaíso
54%
Burundi Administrative Bujumbura
51%
Burundi De jure Gitega
51%
Eswatini Executive Mbabane
51%
Ivory Coast De jure Yamoussoukro
51%
Yemen Temporary Aden
46%
Benin De facto Cotonou
46%
Montenegro Seat of President Cetinje
23%
Malaysia Administrative Putrajaya
13%
Eswatini Legislative Lobamba
10%
Dominican Republic De facto Co-Capital Santo Domingo Oeste
8%
No matching quizzes found
Score Distribution
Percent of People with Each Score
Percentile by Number Answered
Your Score History
You have not taken this quiz